000 00786cam a2200241 i 4500
001 2740445
005 20180116031740.0
008 780922s1978 nyu b 001 0 eng
010 _a 78106287
020 _a0312694458 :
_c$12.95.
_a0312694466
040 _aDLC
_cDLC
_dDLC
041 1 _aeng
080 _a320.01
082 0 0 _a320.01 MAS
_219
100 1 _a19
101 _aSHP
240 1 0 _aDu contrat social.
_lEnglish
245 0 0 _aOn the social contract, with Geneva manuscript and Political economy /
_cJean-Jacques Rousseau ; edited by Roger D. Masters ; translated by Judith R. Masters.
504 _aIncludes bibliographical references and index.
740 _aOn the social contract.
906 _a7
_bcbc
_corignew
_d2
_encip
_f19
_gy-gencatlg
942 _2ddc
_cBK
999 _c40324
_d40324